Normal view MARC view
  • Mathematics

Entry Geographic Name

Number of records used in: 4

001 - CONTROL NUMBER

  • control field: 102247

003 - CONTROL NUMBER IDENTIFIER

  • control field: NUST

005 - DATE AND TIME OF LATEST TRANSACTION

  • control field: 20221102123441.0

008 - FIXED-LENGTH DATA ELEMENTS

  • fixed length control field: 221102|| aca||aabn | a|a d

040 ## - CATALOGING SOURCE

  • Original cataloging agency: NUST
  • Transcribing agency: NUST

151 ## - HEADING--GEOGRAPHIC NAME

  • Geographic name: Mathematics

670 ## - SOURCE DATA FOUND

  • Source citation: Work cat.: (NUST)198655: Minhas, Ghulam Yasin 102242, Technical Mathematics 233 /, 2013, 2014
© 2023 Central Library, National University of Sciences and Technology. All Rights Reserved.